Smaranjali / (Record no. 3776)
[ view plain ]
| 000 -LEADER | |
|---|---|
| fixed length control field | 00346cam a2200145ua 4500 |
| 003 - CONTROL NUMBER IDENTIFIER | |
| control field | OSt |
| 008 - FIXED-LENGTH DATA ELEMENTS--GENERAL INFORMATION | |
| fixed length control field | 240115b |||||||| |||| 00| 0 eng d |
| 041 ## - LANGUAGE CODE | |
| Language code of text/sound track or separate title | mal |
| 082 ## - DEWEY DECIMAL CLASSIFICATION NUMBER | |
| Classification number | 894.812 803 |
| Item number | ACH/SN |
| 100 ## - MAIN ENTRY--AUTHOR NAME | |
| Personal name | Achutamenon, Chelnnat . |
| 245 ## - TITLE STATEMENT | |
| Title | Smaranjali / |
| 260 ## - PUBLICATION, DISTRIBUTION, ETC. (IMPRINT) | |
| Place of publication | Calicut : |
| Name of publisher | K R Brothers , |
| Year of publication | 1955. |
| 300 ## - PHYSICAL DESCRIPTION | |
| Number of Pages | ; . |
| 942 ## - ADDED ENTRY ELEMENTS (KOHA) | |
| Koha item type | Books |
| Withdrawn status | Lost status | Damaged status | Home library | Current library | Date acquired | Full call number | Accession Number | Koha item type |
|---|---|---|---|---|---|---|---|---|
| Withdrawn | KAUAET | Sanskrit University | 07/04/2012 | 894.812 803 | 225 | Books |
